Normal view
MARC view
- Building, Iron and steel.
Entry Topical Term
001 - CONTROL NUMBER
- control field: 1093
003 - CONTROL NUMBER IDENTIFIER
- control field: NUST
005 - DATE AND TIME OF LATEST TRANSACTION
- control field: 20170518133044.0
008 - FIXED-LENGTH DATA ELEMENTS
- fixed length control field: 170518|| aca||aabn | a|a d
040 ## - CATALOGING SOURCE
- Original cataloging agency: NUST
- Transcribing agency: NUST
150 ## - HEADING--TOPICAL TERM
- Topical term or geographic name entry element: Building, Iron and steel.
670 ## - SOURCE DATA FOUND
- Source citation: Work cat.: (NUST)0: Maranian, Peter. 1090, Reducing brittle and fatigue failures in steel structures /, c2010.
